| 000 | 01250nam a22002777a 4500 | ||
|---|---|---|---|
| 005 | 20080905121451.0 | ||
| 008 | 110608t xxu||||| |||| 00| 0 hin d | ||
| 010 | _aHIN-92933 | ||
| 020 |
_c275.00 _a9788187708247 |
||
| 035 | _aHN-65279 | ||
| 037 | _bDBAD / PUB | ||
| 040 |
_aDPL _bHN |
||
| 082 | _a394.26 | ||
| 100 |
_928442 _aवर्मा, निधि |
||
| 245 |
_aहमारे त्योहार व्रत एवं व्रत-कथाएँ / _cनिधि वर्मा |
||
| 246 |
_aHamaare tyohaar vrat evam vrat Kathayen _bby Nidhi Varma |
||
| 260 |
_aदिल्ली _bकृतिका बुक्स _c2010 |
||
| 270 |
_a19, रामनगर एक्सटेंशन-2, निकट पुरानी अनारकली का गुरूद्वारा _bदिल्ली _e110051 |
||
| 300 |
_a208पृ _c22सेमी (सजिल्द) |
||
| 650 | _928443 | ||
| 650 | _928455 | ||
| 700 | _928521 | ||
| 700 | _928536 | ||
| 942 |
_adpl _cHN _2ddc _mवर्मानि _h394.26 |
||
| 999 |
_c52931 _d52931 |
||